Word Scramble Chain - Bodies of Water - Statistics

General Stats
  • This quiz has been taken 59 times
  • The average score is 11 of 20
Answer Stats
Hint Answer % Correct
bo Ob
98%
rigne Niger
83%
thorn North
81%
ori aednrg Rio Grande
81%
lowley Yellow
79%
nazmao Amazon
77%
shudno yab Hudson Bay
73%
tgezany Yangtze
73%
seat naich East China
63%
aclor Coral
56%
ooocinr Orinoco
52%
mrtrpuabhaa Brahmaputra
48%
natis neecawrl Saint Lawrence
46%
aste brianesi East Siberian
44%
cridatai Adriatic
31%
apshuerte Euphrates
31%
dedlelw Weddell
31%
calacevid Laccadive
19%
graniilu Ligurian
13%
boqsseeiu Essequibo
10%
No matching quizzes found
Score Distribution
Percent of People with Each Score
Percentile by Number Answered
Your Score History
You have not taken this quiz